000
00247nam a22001097a 4500
082
_a
621.38889 GOO'S
100
_a
GOODMAN, ROBERT
_9
32422
245
_a
SIMPLIFIED TV TROUBLE DIAGNOSIS
260
_a
USA
_b
TAB
_c
1973
300
_a
320P
942
_c
BK
999
_c
580413
_d
580413